[Event "Asia zt 3.2"]
[Site "Dhaka"]
[Date "2023.05.07"]
[Round "6"]
[White "Subrota, Biswas"]
[Black "Mohammad Fahad, Rahman"]
[Result "0-1"]
[WhiteElo "2239"]
[BlackElo "2396"]
[PlyCount "72"]
[EventDate "2023.05.02"]
[EventType "swiss"]
[EventRounds "9"]
[EventCountry "BAN"]
[SourceTitle "CBM 214 Extra"]
[Source "ChessBase"]
[SourceDate "2023.07.31"]
[SourceVersion "1"]
[SourceVersionDate "2023.07.31"]
[SourceQuality "1"]

1. d4 d5 2. c4 e6 3. Nf3 Nf6 4. g3 Bb4+ 5. Bd2 a5 6. Bg2 0-0 7. Qc2 c5 8. dxc5 d4 9. 0-0 Bxc5 10. Bg5 h6 11. Bxf6 Qxf6 12. Nbd2 Ba7 13. Ne1 Nc6 14. Nd3 e5 15. c5 Qe7 16. Ne4 Bf5 17. a3 Bxe4 18. Bxe4 f5 19. Bd5+ Kh7 20. Rac1 Rad8 21. Bxc6 bxc6 22. Qa4 e4 23. Nf4 Bb8 24. e3 Bxf4 25. exf4 Qc7 26. b4 axb4 27. axb4 d3 28. b5 cxb5 29. Qxb5 Rd5 30. Qc4 Qc6 31. Rc3 Ra8 32. Rfc1 Ra5 33. Qb4 Ra2 34. Qb3 Re2 35. Qd1 e3 36. f3 Rd4 0-1

[Event "BAN-ch 47th"]
[Site "Dhaka"]
[Date "2022.12.19"]
[Round "5"]
[White "Rahman, Ziaur"]
[Black "Subrota, Biswas"]
[Result "1-0"]
[WhiteElo "2464"]
[BlackElo "2312"]
[PlyCount "59"]
[EventDate "2022.12.15"]
[EventType "tourn"]
[EventRounds "13"]
[EventCountry "BAN"]
[EventCategory "1"]
[SourceTitle "CBM 212 Extra"]
[Source "ChessBase"]
[SourceDate "2023.03.31"]
[SourceVersion "1"]
[SourceVersionDate "2023.03.31"]
[SourceQuality "1"]

1. Nf3 Nf6 2. c4 g6 3. Nc3 Bg7 4. e4 d6 5. d4 0-0 6. Be2 e5 7. d5 a5 8. Bg5 h6 9. Bh4 Na6 10. Nd2 Qe8 11. a3 Bd7 12. b3 Nh7 13. 0-0 h5 14. f3 Bh6 15. Kh1 Be3 16. Rb1 Nc5 17. Nb5 Qb8 18. b4 axb4 19. axb4 Na6 20. Nc3 Qe8 21. Qe1 Kg7 22. c5 Bd4 23. Nb3 dxc5 24. bxc5 Nxc5 25. Nxd4 exd4 26. Bf2 f6 27. Bxd4 Qe7 28. Qg3 Be8 29. Nb5 Ra2 30. Nxc7 1-0

[Event "BAN-ch 47th"]
[Site "Dhaka"]
[Date "2022.12.15"]
[Round "1"]
[White "Manon, Reja Neer"]
[Black "Subrota, Biswas"]
[Result "1-0"]
[WhiteElo "2215"]
[BlackElo "2312"]
[PlyCount "59"]
[EventDate "2022.12.15"]
[EventType "tourn"]
[EventRounds "13"]
[EventCountry "BAN"]
[EventCategory "1"]
[SourceTitle "CBM 212 Extra"]
[Source "ChessBase"]
[SourceDate "2023.03.31"]
[SourceVersion "1"]
[SourceVersionDate "2023.03.31"]
[SourceQuality "1"]

1. e4 c6 2. d4 d5 3. Nc3 dxe4 4. Nxe4 Nf6 5. Nxf6+ exf6 6. c3 Bd6 7. Bd3 0-0 8. Qc2 Re8+ 9. Ne2 h5 10. 0-0 h4 11. h3 Nd7 12. Bd2 Nf8 13. Rae1 Bc7 14. f4 g6 15. f5 g5 16. Qd1 Qd6 17. Nf4 Rxe1 18. Rxe1 Bd7 19. Nh5 Re8 20. Rxe8 Bxe8 21. Bf4 gxf4 22. Qg4+ Ng6 23. fxg6 fxg6 24. Bxg6 Kf8 25. Bxe8 Kxe8 26. Qg6+ Kd7 27. Nxf6+ Kc8 28. Qg4+ Kb8 29. Nd7+ Kc8 30. Nb6+ 1-0

[Event "BAN-chT Premier"]
[Site "Dhaka"]
[Date "2022.12.03"]
[Round "4.4"]
[White "Kushagra, Mohan"]
[Black "Subrota, Biswas"]
[Result "1-0"]
[WhiteElo "2390"]
[BlackElo "2288"]
[PlyCount "87"]
[EventDate "2022.11.30"]
[EventType "team-tourn"]
[EventRounds "11"]
[EventCountry "BAN"]
[SourceTitle "CBM 211 Extra"]
[Source "ChessBase"]
[SourceDate "2023.01.31"]
[SourceVersion "1"]
[SourceVersionDate "2023.01.31"]
[SourceQuality "1"]
[WhiteTeam "Uttara Central CC"]
[BlackTeam "SAIF Sporting Club"]
[WhiteTeamCountry "BAN"]
[BlackTeamCountry "BAN"]

1. e4 c6 2. d4 d5 3. e5 Bf5 4. h4 h5 5. Bd3 Bxd3 6. Qxd3 Qa5+ 7. Nd2 e6 8. Ngf3 Ne7 9. 0-0 Nf5 10. Nb3 Qa6 11. Qd1 Nd7 12. a4 Rc8 13. Bg5 c5 14. c3 c4 15. Nbd2 f6 16. Bf4 Be7 17. g3 Nf8 18. Re1 Ng6 19. Be3 fxe5 20. dxe5 Nxe3 21. Rxe3 Bc5 22. Nd4 Bxd4 23. cxd4 Ne7 24. Nf3 Nf5 25. Rc3 0-0 26. Qd2 Qb6 27. Rb1 Rc7 28. b4 Rcf7 29. a5 Qb5 30. Qg5 Ne7 31. Qxh5 g6 32. Qg4 Rf5 33. h5 b6 34. hxg6 bxa5 35. Kg2 Kg7 36. Rh1 Nxg6 37. bxa5 Qb2 38. Nh4 Rxf2+ 39. Kh3 Qxc3 40. Qxg6+ Kh8 41. Qh6+ Kg8 42. Ng6 Qa3 43. Ra1 Rf1 44. Qh8+ 1-0

[Event "Dhaka Chowdhury Memorial op-A 2nd"]
[Site "Dhaka"]
[Date "2022.07.02"]
[Round "1"]
[White "Subrota, Biswas"]
[Black "Ghosh, Chanchal Kumer"]
[Result "1-0"]
[WhiteElo "2253"]
[BlackElo "2047"]
[PlyCount "57"]
[EventDate "2022.07.02"]
[EventType "swiss"]
[EventRounds "8"]
[EventCountry "BAN"]
[SourceTitle "EXT 2023"]
[Source "ChessBase"]
[SourceDate "2022.10.05"]
[SourceVersion "1"]
[SourceVersionDate "2022.10.05"]
[SourceQuality "1"]

1. e4 c5 2. Nf3 d6 3. d4 cxd4 4. Nxd4 Nf6 5. Nc3 a6 6. Bg5 e6 7. f4 Qb6 8. Qd3 Nbd7 9. 0-0-0 Be7 10. g4 Nxg4 11. Bxe7 Nf2 12. Qg3 Nxd1 13. Qxg7 Kxe7 14. Nf5+ Kd8 15. Qxh8+ Kc7 16. Kxd1 Qf2 17. Ng3 Qxf4 18. Be2 Qh6 19. Qd4 b5 20. Qd2 Qh4 21. Kc1 b4 22. Na4 Bb7 23. Qxb4 Bc6 24. Rf1 a5 25. Qc3 f5 26. Bb5 Ne5 27. exf5 Qxh2 28. Rh1 Qf2 29. Bxc6 1-0

[Event "BAN-ch U20"]
[Site "Dhaka"]
[Date "2022.02.17"]
[Round "3"]
[White "Subrota, Biswas"]
[Black "Aadipto, Barua"]
[Result "1-0"]
[WhiteElo "2202"]
[BlackElo "1290"]
[PlyCount "63"]
[EventDate "2022.02.15"]
[EventType "swiss"]
[EventRounds "9"]
[EventCountry "BAN"]
[SourceTitle "CBM 207 Extra"]
[Source "ChessBase"]
[SourceDate "2022.05.31"]
[SourceVersion "1"]
[SourceVersionDate "2022.05.31"]
[SourceQuality "1"]

1. e4 c6 2. d4 d5 3. e5 Bf5 4. Nf3 e6 5. Be2 Ne7 6. 0-0 Bg6 7. Nbd2 Nd7 8. Nb3 Nf5 9. c3 Be7 10. g4 Nh4 11. Nxh4 Bxh4 12. f4 f5 13. exf6 Qxf6 14. Na5 Rb8 15. f5 Bf7 16. Bf4 0-0 17. Bxb8 Nxb8 18. Nxb7 h5 19. Nd6 e5 20. Nxf7 Rxf7 21. gxh5 Re7 22. Bf3 Qg5+ 23. Bg2 exd4 24. cxd4 Re4 25. Kh1 Rg4 26. Bh3 Re4 27. f6 Re3 28. f7+ Kf8 29. Rf5 Qe7 30. Qg4 Re2 31. Rg1 Bf6 32. h6 1-0